| Tag |
First Indicator |
Second Indicator |
Subfields |
| LEADER |
00000nam a2200000 4500 |
| 001 |
in00004319086 |
| 005 |
20200812075807.0 |
| 006 |
m g d |
| 007 |
cr bn |||a|bb| |
| 008 |
950403s1678 enk o 00| | eng d |
| 035 |
|
|
|a (UnM)99828169
|
| 037 |
|
|
|a CL0037000075
|b ProQuest Information and Learning. 300 N. Zeeb Rd., Ann Arbor, MI 48106
|
| 040 |
|
|
|a Cu-RivES
|c Cu-RivES
|d Uk-ES
|d CStRLIN
|e dcrb
|d WaOLN
|
| 245 |
1 |
0 |
|a VVilliam Idell obtained his Majesties Order in Council :
|b in consideration of his service in retaking his ship in the bay of Cadiz from the Dutch, and his great expence in attending to receive his Majesties reward, his Majesty in Council did order the said William Idell should have the office of registring sales, pawns and broaks, bought and sold in London and suburbs thereof, in lieu and recompence thereof, and referred the same to the Attorney General, who made his report as follows, ...
|
| 246 |
2 |
|
|a William Idell obtained his Majesties Order in Council
|
| 260 |
|
|
|a [S.l. :
|b publisher not identified,
|c 1678?]
|
| 300 |
|
|
|a 1 online resource (1 sheet ([1] pages)
|
| 336 |
|
|
|a text
|b txt
|2 rdacontent
|
| 337 |
|
|
|a computer
|b c
|2 rdamedia
|
| 338 |
|
|
|a online resource
|b cr
|2 rdacarrier
|
| 500 |
|
|
|a Opinion of the Attorney General signed: W. Jones.
|
| 500 |
|
|
|a Includes the text of the king's proclamation of 1669.
|
| 500 |
|
|
|a Date of publication from Wing; William Jones was Attorney General from 1675-1679.
|
| 500 |
|
|
|a Endorsed on verso in MS.: "For the bill to p[re]vent burglarys and robberys in London and the out p[ar]ishes"; legislation not traced.
|
| 500 |
|
|
|a Copy cataloged endorsed on verso in MS.
|
| 500 |
|
|
|a Reproduction of the original in the British Library.
|
| 510 |
4 |
|
|a Wing (2nd edition)
|c I32A.
|
| 533 |
|
|
|a Electronic reproduction.
|b Ann Arbor, Mich. :
|c UMI,
|d 1999-
|f (Early English books online)
|n Digital version of: (Early English books, 1641-1700 ; 1926:20)
|7 s1999 miun s
|
| 600 |
1 |
0 |
|a Idell, William
|v Early works to 1800.
|
| 600 |
0 |
0 |
|a Charles
|b II,
|c King of England,
|d 1630-1685
|v Early works to 1800.
|
| 650 |
|
0 |
|a Crime prevention
|z England
|v Early works to 1800.
|
| 650 |
|
0 |
|a Pawnbroking
|z England
|v Early works to 1800.
|
| 650 |
|
0 |
|a Criminal behavior
|z England
|v Early works to 1800.
|
| 700 |
1 |
|
|a Jones, William,
|c Sir,
|d 1631-1682.
|
| 830 |
|
0 |
|a Early English books online.
|
| 856 |
4 |
0 |
|u http://proxy.library.tamu.edu/login?url=https://search.proquest.com/docview/2240902942
|z Connect to the full text of this electronic book
|t 0
|
| 999 |
f |
f |
|s 959b6eb4-c321-3c24-83e7-6ca2621cd149
|i a2f6f6ab-fcf8-353d-bb3f-1a2b0ff73a3a
|t 0
|
| 952 |
f |
f |
|a Texas A&M University
|b College Station
|c Electronic Resources
|d Available Online
|t 0
|h No information provided
|
| 998 |
f |
f |
|t 0
|l Available Online
|